Вып. 71: XXVII съезд КПСС и актуальные вопросы исторического материализма; Проблемы философии

Podrobná bibliografie
Parent link:Проблемы философии: республиканский межведомственный научный сборник/ Киевский государственный университет им. Т. Г. Шевченко. Вып. 71: XXVII съезд КПСС и актуальные вопросы исторического материализма.— , 1966-1990
Další autoři: Дученко Н. В. (редактор)
Shrnutí:Исключено из фонда НТБ ТПУ
Jazyk:ruština
Vydáno: Киев, Выща школа, 1987
Médium: MixedMaterials Kniha
KOHA link:https://koha.lib.tpu.ru/cgi-bin/koha/opac-detail.pl?biblionumber=268208

MARC

LEADER 00000nam2a2200000 4500
001 268208
005 20231031224027.0
020 |a RU 
035 |a (RuTPU)RU\TPU\book\291340 
035 |a RU\TPU\book\280110 
090 |a 268208 
100 |a 20140828d1987 k y0rusy5003 ca 
101 0 |a rus 
102 |a UA 
105 |a y z 001zy 
200 0 |a Вып. 71: XXVII съезд КПСС и актуальные вопросы исторического материализма  |f отв. ред. Н. В. Дученко 
210 |a Киев  |c Выща школа  |d 1987 
215 |a 135 с. 
333 |a Исключено из фонда НТБ ТПУ 
461 1 |0 (RuTPU)RU\TPU\book\213131  |t Проблемы философии  |o республиканский межведомственный научный сборник  |f Киевский государственный университет им. Т. Г. Шевченко  |v Вып. 71: XXVII съезд КПСС и актуальные вопросы исторического материализма  |d 1966-1990 
702 1 |a Дученко  |b Н. В.  |4 340 
801 0 |a RU  |b 63413507  |c 19950417  |g psbo 
801 1 |a RU  |b 63413507  |c 20120428 
801 2 |a RU  |b 63413507  |c 20220303  |g RCR 
942 |c BK